| 000 | 00416nam a2200157Ia 4500 | ||
|---|---|---|---|
| 008 | 130318s9999 xx 000 0 und d | ||
| 020 | _a8173662371 | ||
| 082 | _a006.76P DES/P | ||
| 100 | _aDescartes, Alligator | ||
| 245 | _aProgramming the Perl DBI | ||
| 260 |
_bOreilly/Shroff Publishers and Distributors _aMumbai _c2000 |
||
| 300 | _a346 | ||
| 650 | _aPERL | ||
| 650 | _aPROGRAMMING LANGUAGE | ||
| 700 | _aBunce,Tim | ||
| 999 |
_c62 _d62 |
||